Colinvaux's law of insurance / (Record no. 458)
| 000 -LEADER | |
|---|---|
| fixed length control field | 00958cam a22003255a 4500 |
| 001 - CONTROL NUMBER | |
| control field | 17004080 |
| 005 - DATE AND TIME OF LATEST TRANSACTION | |
| control field | 20140116120828.0 |
| 008 - FIXED-LENGTH DATA ELEMENTS--GENERAL INFORMATION | |
| fixed length control field | 111019s2010 enk b 001 0 eng |
| 010 ## - LIBRARY OF CONGRESS CONTROL NUMBER | |
| LC control number | 2011505346 |
| 020 ## - INTERNATIONAL STANDARD BOOK NUMBER | |
| International Standard Book Number | 9780414042339 |
| 035 ## - SYSTEM CONTROL NUMBER | |
| System control number | (DLC)17006355 |
| 035 ## - SYSTEM CONTROL NUMBER | |
| System control number | (DLC)2011505346 |
| 040 ## - CATALOGING SOURCE | |
| Original cataloging agency | DLC |
| Transcribing agency | DLC |
| 043 ## - GEOGRAPHIC AREA CODE | |
| Geographic area code | e-uk--- |
| 050 ## - LIBRARY OF CONGRESS CALL NUMBER | |
| Classification number | KD1859.C65 2010 |
| 100 1# - MAIN ENTRY--PERSONAL NAME | |
| Personal name | Merkin, Robert |
| 245 10 - TITLE STATEMENT | |
| Title | Colinvaux's law of insurance / |
| Remainder of title | Robert Merkin . |
| 246 ## - VARYING FORM OF TITLE | |
| Title proper/short title | Law of insurance |
| 250 ## - EDITION STATEMENT | |
| Edition statement | 9th ed. |
| 260 ## - PUBLICATION, DISTRIBUTION, ETC. (IMPRINT) | |
| Place of publication, distribution, etc | London : |
| Name of publisher, distributor, etc | Thomson Reuters, |
| Date of publication, distribution, etc | 2010. |
| 300 ## - PHYSICAL DESCRIPTION | |
| Extent | clvii,1239 p. |
| 440 #0 - SERIES STATEMENT/ADDED ENTRY--TITLE | |
| Title | Insurance practitioners library |
| 500 ## - GENERAL NOTE | |
| General note | Includes bibliography and index. |
| 650 #0 - SUBJECT ADDED ENTRY--TOPICAL TERM | |
| Topical term or geographic name as entry element | Insurance law |
| Geographic subdivision | Great Britain. |
| 700 1# - ADDED ENTRY--PERSONAL NAME | |
| Personal name | Merkin, Robert M. |
| 700 1# - ADDED ENTRY--PERSONAL NAME | |
| Personal name | Colinvaux, Raoul P. |
| Title of a work | Law of insurance. |
| 906 ## - LOCAL DATA ELEMENT F, LDF (RLIN) | |
| a | 0 |
| b | ibc |
| c | origcop |
| d | 2 |
| e | ncip |
| f | 20 |
| g | y-gencatlg |
| 942 ## - ADDED ENTRY ELEMENTS (KOHA) | |
| Source of classification or shelving scheme | |
| Item type | Book |
| Withdrawn status | Lost status | Source of classification or shelving scheme | Damaged status | Not for loan | Home library | Current library | Date acquired | Source of acquisition | Cost, normal purchase price | Total Checkouts | Full call number | Barcode | Date last seen | Date last borrowed | Copy number | Price effective from | Koha item type |
|---|---|---|---|---|---|---|---|---|---|---|---|---|---|---|---|---|---|
| Riara University Library | Riara University Library | 20/10/2011 | Purchase | 37335.00 | 2 | KD1859.C65 2010 | 318/11 | 20/06/2022 | 30/05/2022 | C.1 | 20/10/2011 | Book | |||||
| Riara University Library | Riara University Library | 20/10/2011 | Purchase | 37335.00 | KD1859.C65 2010 | 317/11 | 20/10/2011 | C.2 | 20/10/2011 | Book | |||||||
| Riara University Library | Riara University Library | 20/10/2011 | Purchase | 37335.00 | KD1859.C65 2010 | 316/11 | 20/10/2011 | C.3 | 20/10/2011 | Book |
